| LEADER 00000nam 2200000uu 4500 |
| 001 13399119997 |
| 003 BCNR |
| 008 110324s2553 th a 000 0 tha d |
| 020 ^a9789741113477
|
| 041 0 ^atha
|
| 060 04 ^aWE715^bส832t 2553
|
| 100 0 ^aสุพิน ชมภูพงษ์
|
| 245 10 ^aThorax :^bกายวิภาคและการประยุกต์ใช้ทางคลินิกของช่องอก /^cสุพิน ชมภูพงษ์, อัครเดช ศิริพร และ สรรใจ แสงวิเชียร
|
| 250 ^aพิมพ์ครั้งที่ 2
|
| 260 ^aกรุงเทพฯ :^bภาควิชากายวิภาคศาสตร์ คณะแพทยศาสตร์ศิริราชพยาบาล มหาวิทยาลัยมหิดล,^c2553
|
| 300 ^a152 หน้า :^bภาพประกอบ ;^c27 ซม.
|
| 650 7 ^aทรวงอก^xกายวิภาค
|
| 650 7 ^aหัวใจ^xการวิภาค
|
| 650 7 ^aปอด^xกายวิภาค
|
| 700 0 ^aอัครเดช ศิริพร
|
| 700 0 ^aสรรใจ แสงวิเชียร
|
| 710 2 ^aมหาวิทยาลัยมหิดล. ^bคณะแพทยศาสตร์ศิริราชพยาบาล.^bภาควิชากายวิภาคศาตร์
|
| 999 ^aบรรณารักษ์
|